000 00557nam a2200205Ia 4500
003 OSt
005 20250501145936.0
008 220927b |||||||| |||| 00| 0 eng d
020 _a0521434211
037 _cReference Collections
040 _aSDCL
_cSDCL
_beng
041 _2eng
_aeng
084 _aw1,N N4 RR
100 _aCrystal, David
245 0 _aCambridge biographical encyclopedia.
260 _aNew York :
_bCambridge University Press,
_c1994.
300 _axi,1304p
942 _cREF
_2CC
_n0
999 _c759051
_d759051